000 02201cam a22003614a 4500
999 _c127322
_d127322
001 14300581
003 ARRUPE
005 20180110124159.0
008 060315s2007 mauab b 001 0 eng
010 _a 2006008996
015 _aGBA668492
_2bnb
016 7 _a013527397
_2Uk
020 _a1405153601 (pbk. : alk. paper)
020 _a9781405153607 (pbk. : alk. paper)
035 _a(OCoLC)ocm65165417
035 _a(OCoLC)65165417
040 _aDLC
_cDLC
_dDLC
042 _apcc
050 0 0 _aBT65
_b.M34 2007
082 0 0 _a230
_222
100 1 _aMcGrath, Alister E.,
_d1953-
_99856
245 1 0 _aChristian theology :
_ban introduction /
_cAlister E. McGrath.
250 _a4th ed.
260 _aMalden, MA :
_bBlackwell Pub.,
_c2007.
300 _axxix, 534 p. :
_bill., maps ;
_c24 cm.
504 _aIncludes bibliographical references and index.
505 0 _aThe patristic period, c.100-c.700 -- The Middle Ages and the Renaissance, c.700-c.1500 -- The age of Reformation, c.1500-c.1750 -- The modern period, c.1750-the present -- Getting started: preliminaries -- The sources of theology -- Knowledge of God: natural and revealed -- Philosophy and theology: introducing a dialogue -- The doctrine of God -- The doctrine of the Trinity -- The doctrine of the person of Christ -- Faith and history: the Christological agenda of modernity -- The doctrine of salvation in Christ -- The doctrines of human nature, sin, and grace -- The doctrine of the church -- The doctrine of the sacraments -- Christianity and the world religions -- The last things: the Christian hope.
650 0 _aTheology, Doctrinal.
_938321
856 4 1 _3Table of contents only
_uhttp://www.loc.gov/catdir/toc/ecip0610/2006008996.html
856 4 2 _3Contributor biographical information
_uhttp://www.loc.gov/catdir/enhancements/fy0827/2006008996-b.html
856 4 2 _3Publisher description
_uhttp://www.loc.gov/catdir/enhancements/fy0827/2006008996-d.html
906 _a7
_bcbc
_corignew
_d1
_eecip
_f20
_gy-gencatlg
942 _2lcc
_cMONOGRAPH